Para entender la democracia : (Registro nro. 67417)
[ vista simple ]
| 000 -LEADER | |
|---|---|
| fixed length control field | 00942nam a2200265 u 4500 |
| 001 - CONTROL NUMBER | |
| control field | 67417 |
| 005 - DATE AND TIME OF LATEST TRANSACTION | |
| control field | 20200818131829.0 |
| 008 - FIXED-LENGTH DATA ELEMENTS--GENERAL INFORMATION | |
| fixed length control field | 170519s2008 mx r 000 0 spa d |
| 020 ## - INTERNATIONAL STANDARD BOOK NUMBER | |
| International Standard Book Number | 9786070001239 |
| 040 ## - CATALOGING SOURCE | |
| Description conventions | rda |
| 041 0# - LANGUAGE CODE | |
| Language code of text/sound track or separate title | spa |
| 082 0# - DEWEY DECIMAL CLASSIFICATION NUMBER | |
| Classification number | 321.8 |
| Item number | CAS |
| 100 1# - MAIN ENTRY--PERSONAL NAME | |
| Personal name | Castellanos Hernández, Eduardo de Jesús, |
| Relator term | autor |
| 9 (RLIN) | 5339 |
| 245 10 - TITLE STATEMENT | |
| Title | Para entender la democracia : |
| Remainder of title | teoría política, formas de gobierno, sistemas electorales, sistemas de partidos y calidad de la democracia / |
| Statement of responsibility, etc. | Eduardo de Jesús Castellanos Hernández. |
| 250 ## - EDITION STATEMENT | |
| Edition statement | Primera edición |
| 264 #1 - PRODUCTION, PUBLICATION, DISTRIBUTION, MANUFACTURE, AND COPYRIGHT NOTICE | |
| Place of production, publication, distribution, manufacture | México : |
| Name of producer, publisher, distributor, manufacturer | Eduardo de Jesús Castellanos Hernández, |
| Date of production, publication, distribution, manufacture, or copyright notice | 2008 |
| 300 ## - PHYSICAL DESCRIPTION | |
| Extent | 146 páginas ; |
| Dimensions | 22 cm. |
| 336 ## - CONTENT TYPE | |
| Content type term | texto |
| Source | rdacontent |
| Content type code | txt |
| 337 ## - MEDIA TYPE | |
| Media type term | sin medio |
| Source | rdamedia |
| Media type code | n |
| 338 ## - CARRIER TYPE | |
| Carrier type term | volumen |
| Source | rdacarrier |
| Carrier type code | nc |
| 500 ## - GENERAL NOTE | |
| General note | Colección Ocejo |
| 650 #4 - SUBJECT ADDED ENTRY--TOPICAL TERM | |
| Topical term or geographic name entry element | Democracia |
| 650 #4 - SUBJECT ADDED ENTRY--TOPICAL TERM | |
| Topical term or geographic name entry element | Ciencias políticas |
| 942 ## - ADDED ENTRY ELEMENTS (KOHA) | |
| Classification part | 321.8 |
| Item part | CAS |
| Koha item type | Libro |
| Withdrawn status | Lost status | Source of classification or shelving scheme | Damaged status | Not for loan | Collection code | Home library | Current library | Shelving location | Date acquired | Source of acquisition | Inventory number | Total Checkouts | Full call number | Barcode | Date last seen | Date last checked out | Price effective from | Koha item type |
|---|---|---|---|---|---|---|---|---|---|---|---|---|---|---|---|---|---|---|
| Dewey Decimal Classification | General | Biblioteca Karol Wojtyla | Biblioteca Karol Wojtyla | Sala general | 19/05/2017 | Compra | 151000000000000000055636 | 321.8 CAS 2008 | 97723 | 05/01/2026 | 18/01/2018 | 07/06/2017 | Libro |